00357nam a2200121Ia 4500008004100000082002100041100003800062245002200100260002900122300000900151630001800160650005700178211109s9999||||xx |||||||||||||| ||und|| a894.81209bNED-N aNediyamvettil, Balakrishana Menon 0aNovel Padtanangal bDC BooksaKottayamc1989 a200p xGeneral stack aMalayalam literaturevCriticismxLiteratureMalayalam